Гендерні відмінності мовної поведінки. (Запис № 282553)

МАРК-запис
000 -LEADER
fixed length control field 01502nam a22001577a 4500
041 ## - LANGUAGE CODE
Language code of text/sound track or separate title ukr
080 ## - UNIVERSAL DECIMAL CLASSIFICATION NUMBER
Universal Decimal Classification number 09
090 ## - LOCALLY ASSIGNED LC-TYPE CALL NUMBER (OCLC); LOCAL CALL NUMBER (OCLC)
Local cutter number (OCLC) ; Book number/undivided call number, CALL (RLIN) ОЛЕ
100 ## - MAIN ENTRY--PERSONAL NAME
Personal name Олеш О. В.
245 ## - TITLE STATEMENT
Title Гендерні відмінності мовної поведінки.
260 ## - PUBLICATION, DISTRIBUTION, ETC. (IMPRINT)
Place of publication, distribution, etc Острог
Name of publisher, distributor, etc КАФ
Date of publication, distribution, etc 2004
300 ## - PHYSICAL DESCRIPTION
Extent 73
520 ## - SUMMARY, ETC.
Summary, etc Розділ 1. Гендер у мові.<br/>1.1. Мовна поведінка.<br/>1.2. Психологічний аспект гендерної ролі людини.<br/>1.3. Гендер в системі суспільних відносин.<br/>1.4. Історичне дослідження гендера в мові.<br/>Розділ 2. Особливості вербальної поведінки чоловіків та жінок.<br/>2.1. Відмінності між словами, які називають чоловіків та жінок.<br/>2.2. Відмінності між словами, які вживають чоловіки та жінки.<br/>Розділ 3. Невербальна комунікація як фактор конструювання гендерних ідентичностей.<br/>3.1. Мімічні та жестові невербальні компоненти комунікації.<br/>3.2. Невербальні компоненти комунікації, що відображають емоційні реакції людини.
-- Мовна поведінка, комунікація, гендер
650 ## - SUBJECT ADDED ENTRY--TOPICAL TERM
Topical term or geographic name as entry element Research Papers
942 ## - ADDED ENTRY ELEMENTS (KOHA)
Koha item type Книги
Фонди
Withdrawn status Lost status Source of classification or shelving scheme Damaged status Not for loan Home library Current library Date acquired Source of acquisition Coded location qualifier Cost, normal purchase price Total Checkouts Full call number Barcode Date last seen Price effective from Koha item type
    Universal Decimal Classification     ВІЛ - Відділ іноземн. літератури НБ ВІЛ - Відділ іноземн. літератури НБ 08/08/2005 Акт В31 1.00   09 210115 20/12/2021 16/12/2004 Книги